[Rezension von: Kasperzak, Thomas, Stadtstruktur, Kriminalitätsbelastung und Verbrechensfurcht]

Saved in:  
Bibliographic Details
Main Author: Wehrheim, Jan 1967- (Author)
Contributors: Kasperzak, Thomas (Bibliographic antecedent)
Format: Print Review
Language:German
Published: 2002
In: Kriminologisches Journal
Year: 2002, Volume: 34, Issue: 1, Pages: 75-77
Check availability: HBZ Gateway
Keywords:

MARC

LEADER 00000naa a2200000 c 4500
001 1942605617
003 DE-627
005 20251126142413.0
007 tu
008 251126s2002 xx ||||| o 00| ||ger c
035 |a (DE-627)1942605617 
035 |a (DE-599)KXP1942605617 
040 |a DE-627  |b ger  |c DE-627  |e rda 
041 |a ger 
084 |a 2,1  |2 ssgn 
100 1 |a Wehrheim, Jan  |d 1967-  |e VerfasserIn  |0 (DE-588)138446563  |0 (DE-627)602589800  |0 (DE-576)307608573  |4 aut 
109 |a Wehrheim, Jan 1967-  |a Wehrheim, J. 1967- 
245 1 0 |a [Rezension von: Kasperzak, Thomas, Stadtstruktur, Kriminalitätsbelastung und Verbrechensfurcht]  |c Jan Wehrheim, Oldenburg 
264 1 |c 2002 
336 |a Text  |b txt  |2 rdacontent 
337 |a ohne Hilfsmittel zu benutzen  |b n  |2 rdamedia 
338 |a Band  |b nc  |2 rdacarrier 
655 7 |a Rezension  |0 (DE-588)4049712-4  |0 (DE-627)106186019  |0 (DE-576)209083166  |2 gnd-content 
700 1 |a Kasperzak, Thomas  |e VerfasserIn des Bezugswerks  |4 ant 
773 0 8 |i Enthalten in  |t Kriminologisches Journal  |d Weinheim : Beltz Juventa, 1969  |g 34(2002), 1, Seite 75-77  |w (DE-627)130092207  |w (DE-600)500591-7  |w (DE-576)018208223  |x 0341-1966  |7 nnas 
773 1 8 |g volume:34  |g year:2002  |g number:1  |g pages:75-77 
787 0 8 |i Rezension von  |a Kasperzak, Thomas  |t Stadtstruktur, Kriminalitätsbelastung und Verbrechensfurcht  |d Holzkirchen/Obb. : Felix, 2000  |h VII, 335 S.  |w (DE-627)327999977  |w (DE-576)090590732  |z 3927983144 
951 |a AR 
ELC |b 1 
LOK |0 000 xxxxxcx a22 zn 4500 
LOK |0 001 481425668X 
LOK |0 003 DE-627 
LOK |0 004 1942605617 
LOK |0 005 20251126142241 
LOK |0 008 251126||||||||||||||||ger||||||| 
LOK |0 040   |a DE-2619  |c DE-627  |d DE-2619 
LOK |0 092   |o n 
LOK |0 852   |a DE-2619 
LOK |0 852 1  |9 00 
LOK |0 939   |a 26-11-25  |b l01 
ORI |a SA-MARC-krimdoka001.raw